Estudio de seguridad vial en el tramo, La Garita, Nejapa – El Crucero – Diriamba
Presenta el estudio de seguridad vial en el tramo, La Garita, Nejapa – El Crucero – Diriamba mediante la identificación de los tramos peligrosos y los puntos críticos, se realizó un inventario vial que brindo una perspectiva real y actual del estado del tramo de la carretera en estudio.
| Main Authors: | , , |
|---|---|
| Other Authors: | |
| Format: | Tesis Section = Libro |
| Language: | Undetermined Spanish |
| Published: |
Managua
UNI
2011
|
| Subjects: |
| LEADER | 01208nam a2200289Ia 4500 | ||
|---|---|---|---|
| 008 | 240830s9999 xx 000 0 und d | ||
| 040 | |a BIBLIOTECA-RUPAP Mon 363.1251 P153 | ||
| 041 | |a spa | ||
| 082 | |a Mon 363.1251 P153 | ||
| 100 | 1 | |a Palacios Ríos, Víctor Manuel | |
| 100 | 1 | |b Gaitán Montana, Anielka Elliette | |
| 100 | 1 | |c Cordero Blandón, Harim Eliú | |
| 245 | 1 | 0 | |a Estudio de seguridad vial en el tramo, La Garita, Nejapa – El Crucero – Diriamba |
| 260 | |a Managua |b UNI |c 2011 | ||
| 300 | |a 108 p. :il. | ||
| 500 | |a Contiene: anexos. | ||
| 502 | |a Tesis (Ingeniero Civil)- UNI, 2011. | ||
| 520 | 3 | |a Presenta el estudio de seguridad vial en el tramo, La Garita, Nejapa – El Crucero – Diriamba mediante la identificación de los tramos peligrosos y los puntos críticos, se realizó un inventario vial que brindo una perspectiva real y actual del estado del tramo de la carretera en estudio. | |
| 650 | 7 | |a SEGURIDAD VIAL | |
| 650 | 7 | |b ACCIDENTES DE TRÁNSITO | |
| 650 | 7 | |c RIESGOS EN EL TRANSPORTE | |
| 650 | 7 | |d SEÑALES DE TRÁNSITO | |
| 650 | 7 | |e MEDIDAS DE SEGURIDAD | |
| 700 | 1 | |a Tutor: |b Calvo Rojas, Lucas Bernardo | |
| 942 | |c BK |2 ddc | ||
| 991 | |a TESIS | ||
| 999 | |c 15548 | ||